[Event "Corsica rap op"]
[Site "Corsica"]
[Date "1997.??.??"]
[Round "5"]
[White "Salov, Valery"]
[Black "Djuric, Stefan"]
[Result "1-0"]
[WhiteElo "2680"]
[BlackElo "2545"]

1.Nf3 g6 2.c4 Bg7 3.Nc3 c5 4.g3 Nc6 5.Bg2 e6 6.O-O Nge7 7.d4 cxd4 8.Nb5 Nf5
9.Bg5 f6 10.Bc1 e5 11.g4 a6 12.gxf5 axb5 13.cxb5 Ne7 14.fxg6 hxg6 15.e4 d5
16.exd5 e4 17.Ne1 Qd6 18.f4 Bd7  1-0

[Event "Corsica rap op"]
[Site "Corsica"]
[Date "1997.??.??"]
[Round "7"]
[White "Salov, Valery"]
[Black "De la Riva Aguado, Oscar"]
[Result "1-0"]
[WhiteElo "2680"]
[BlackElo "2460"]

1.d4 f5 2.g3 Nf6 3.Bg2 g6 4.Nh3 e6 5.c4 d6 6.Nc3 Bg7 7.Nf4 O-O 8.O-O c6 9.Nd3 Nbd7
10.d5 cxd5 11.cxd5 e5 12.Bg5 h6 13.Bxf6 Nxf6 14.e4 g5 15.exf5 Bxf5 16.Qe2 Qb6
17.Kh1 Rae8 18.Rae1 e4 19.Nc1 Re5 20.Nb3 Rfe8 21.Qd2 Bg6 22.f4 exf3 23.Bxf3 Rxe1
24.Rxe1 Rxe1+ 25.Qxe1 Qb4 26.Qe6+ Kh7 27.Qe2 a6 28.h3 h5 29.Kh2 h4 30.Qe3 g4
31.Be2  1-0

[Event "Torneo Magistral 6th"]
[Site "Madrid"]
[Date "1997.??.??"]
[Round "9"]
[White "San Segundo, Pablo"]
[Black "Salov, Valery"]
[Result "1/2-1/2"]
[WhiteElo "2505"]
[BlackElo "2665"]

1.d4 Nf6 2.c4 e6 3.Nf3 b6 4.a3 Bb7 5.Nc3 d5 6.Qc2 c5 7.cxd5 cxd4 8.Qa4+ Nbd7
9.dxe6 dxc3 10.exd7+ Qxd7 11.Qxd7+ Nxd7 12.bxc3 Be7 13.Be3 Rc8 14.Bd4 O-O
15.e3 Nc5 16.Nd2 Na4 17.c4 Bc5 18.f3 Bxd4 19.exd4 Rfd8 20.d5 Ba6 21.Rb1 b5
22.cxb5 Nc3 23.Rc1 Bxb5 24.Bxb5 Nxb5 25.Rxc8 Rxc8 26.Kf2 Rc5 27.a4 Rxd5  1/2-1/2

[Event "St Petersburg"]
[Site "St Petersburg"]
[Date "1997.??.??"]
[Round "4"]
[White "Sosonko, Gennadi"]
[Black "Salov, Valery"]
[Result "1/2-1/2"]
[WhiteElo "2515"]
[BlackElo "2665"]

1.d4 Nf6 2.c4 e6 3.Nc3 Bb4 4.g3 c5 5.Nf3 cxd4 6.Nxd4 Ne4 7.Qd3 Qa5 8.Nb3 Qf5
9.Qe3 Nc6 10.Bg2 Nxc3 11.bxc3 Be7 12.O-O O-O 13.c5 b6 14.Nd4 Nxd4 15.cxd4 Rb8
16.Qf4 Ba6 17.Qxf5 exf5 18.Bf4 Rbc8 19.cxb6 axb6 20.Rfb1 b5 21.Bd2 Rc2 22.Bb4 Bxb4
23.Rxb4 Rfc8 24.Bf1 Rd2 25.e3 Rcc2 26.Bxb5 Bxb5 27.Rxb5 g6 28.Rf1 Kf8 29.a4 Ra2
30.a5 Rd3  1/2-1/2

[Event "St Petersburg"]
[Site "St Petersburg"]
[Date "1997.??.??"]
[Round "7"]
[White "Salov, Valery"]
[Black "Sakaev, Konstantin"]
[Result "1/2-1/2"]
[WhiteElo "2665"]
[BlackElo "2580"]

1.d4 Nf6 2.c4 g6 3.Nf3 Bg7 4.g3 O-O 5.Bg2 d5 6.cxd5 Nxd5 7.O-O Nb6 8.Nc3 Nc6
9.e3 Re8 10.d5 Na5 11.Nd4 Bd7 12.Qe2 Qc8 13.Bd2 Nac4 14.Be1 Bxd4 15.exd4 Bh3
16.a4 Bxg2 17.Kxg2 a5 18.b3 Nd6 19.g4 e6 20.dxe6 Qxe6 21.Qxe6 Rxe6 22.f3 Re3
23.Rc1 Rd3 24.Bf2 f5 25.Rfd1 Rxd1 26.Rxd1 fxg4 27.fxg4 Re8 28.h3 Nd7 29.Rd3 Ne4
30.Nxe4 Rxe4 31.Kf3 Re6 32.Bg3 Rf6+ 33.Ke2 c6 34.Bc7 b6 35.Re3 Kf7 36.Kd3 h5
37.gxh5 gxh5 38.Kc4 Rf5 39.Bd8 b5+ 40.Kd3 Rd5 41.axb5 Nc5+ 42.Kc3 Rxd8 43.dxc5 cxb5
44.Re5 h4 45.Rh5 Rg8 46.Kd4 Ke6 47.Rxh4 Rg3 48.Rh6+ Kd7 49.h4 Kc7 50.Rh7+ Kc6
51.Rh6+ Kc7 52.Ra6 Rxb3 53.Rxa5 Rb4+ 54.Kd5 Rxh4 55.Ra7+ Kb8 56.Re7 Rh5+
57.Kc6 Rh6+ 58.Kxb5 Kc8 59.Ra7 Kb8 60.Rd7 Kc8  1/2-1/2

[Event "St Petersburg"]
[Site "St Petersburg"]
[Date "1997.??.??"]
[Round "8"]
[White "Epishin, Vladimir"]
[Black "Salov, Valery"]
[Result "1/2-1/2"]
[WhiteElo "2600"]
[BlackElo "2665"]

1.d4 d5 2.c4 c6 3.Nc3 Nf6 4.e3 a6 5.a4 e6 6.Nf3 c5 7.Bd3 Nc6 8.O-O dxc4 9.Bxc4 Be7
10.dxc5 Qxd1 11.Rxd1 Bxc5 12.Bd2 b6 13.Bd3 Nb4 14.Be2 Bb7 15.a5 bxa5 16.Rxa5 Be7
17.Na4 Ne4 18.Be1 Nc6 19.Nb6 Rd8 20.Raa1 Nb8 21.Rdc1 Bc5 22.Ba5 Nc6 23.Nc4 Ra8
24.Nfe5 Nxe5 25.Nxe5 O-O 26.Nd7 Rfc8 27.Nxc5 Nxc5 28.Rc3 Ne4 29.Rxc8+ Rxc8
30.f3 Nd6 31.Rd1 Nb5 32.Kf2 f6 33.e4 Bc6 34.Bc4 Kf7 35.b3 Rb8 36.Rd8 Rxd8
37.Bxd8 Ke8 38.Bb6 Kd7 39.Ke3 Bb7 40.Bc5 Nd6 41.Bd3 Kc6 42.Ba3 e5 43.g3 Bc8  1/2-1/2

[Event "Hoogovens"]
[Site "Wijk aan Zee"]
[Date "1998.01.16"]
[Round "1"]
[White "Van Wely, Loek"]
[Black "Salov, Valery"]
[Result "1/2-1/2"]
[WhiteElo "2605"]
[BlackElo "2680"]

1.c4 e5 2.Nc3 Nf6 3.Nf3 Nc6 4.g3 Bb4 5.Nd5 Bc5 6.Bg2 d6 7.O-O O-O 8.d3 h6
9.e3 a6 10.a3 Ba7 11.b4 Nxd5 12.cxd5 Ne7 13.Nd2 f5 14.Nc4 f4 15.exf4 exf4
16.Bxf4 Rxf4 17.gxf4 Ng6 18.Qf3 Qf6 19.Rae1 Bd7 20.Re6 Bxe6 21.dxe6 Rb8 22.Ne3 Nxf4
23.Ng4 Qd4 24.Re1 d5 25.Ne3 c6 26.Nf5 Qxf2+ 27.Qxf2 Bxf2+ 28.Kxf2 Nxd3+ 29.Ke2 Nxe1
30.Kxe1 Re8 31.Nd4 g6 32.Bh3 Kg7 33.Nb3 Re7 34.Nc5 g5 35.Nd7 h5 36.Bf5 g4
37.Kf2 Kh6 38.h4 d4 39.Nc5 Kg7 40.Ne4 Re8 41.Ke2 Rf8 42.Ng3 Kf6 43.Kd3 Ke5
44.e7 Re8 45.Nxh5 Rxe7 46.Bxg4 Rc7 47.Kd2 c5 48.bxc5 Rxc5 49.a4 Rc3 50.Bd7 b6
51.Bg4 Ra3 52.Bd7 Kd6 53.Be8 Rh3 54.Nf4 Rxh4 55.Nd3 Rh2+ 56.Kc1 Kd5 57.Bf7+ Ke4
58.Bg6+ Ke3 59.Nb4 Rh6 60.Nc2+ Kf4 61.Bd3 a5 62.Nxd4  1/2-1/2

[Event "Hoogovens Blitz"]
[Site "Wijk aan Zee"]
[Date "1998.01.19"]
[Round "2"]
[White "Shirov, Alexei"]
[Black "Salov, Valery"]
[Result "0-1"]
[WhiteElo "2710"]
[BlackElo "2680"]

1.e4 e5 2.Nf3 Nc6 3.Bb5 Nf6 4.Nc3 Bb4 5.O-O d6 6.d3 O-O 7.Bg5 Bxc3 8.bxc3 Qe7
9.Re1 Nd8 10.d4 Ne6 11.Bh4 Rd8 12.Bd3 Nf8 13.Nd2 Ng6 14.Bg3 c5 15.dxc5 dxc5
16.Qe2 Bg4 17.f3 Be6 18.Nc4 Nh5 19.Ne3 Nhf4 20.Qf1 Qg5 21.c4 h5 22.Nd5 h4
23.Bxf4 Nxf4 24.Kh1 b6 25.Qf2 Nh5 26.Rg1 Ng3+  0-1

[Event "Hoogovens Blitz"]
[Site "Wijk aan Zee"]
[Date "1998.01.19"]
[Round "7"]
[White "Salov, Valery"]
[Black "Nijboer, Friso"]
[Result "1-0"]
[WhiteElo "2680"]
[BlackElo "2580"]

1.d4 Nf6 2.Nf3 g6 3.Nc3 d5 4.Bf4 c6 5.Qd2 h6 6.e3 Bg7 7.Be2 Nbd7 8.h3 O-O
9.Ne5 Nxe5 10.Bxe5 Nd7 11.Bxg7 Kxg7 12.e4 dxe4 13.Nxe4 e6 14.O-O-O Nf6 15.Nxf6 Qxf6
16.f4 Bd7 17.g4 g5 18.Rhf1 Rad8 19.Qe3 Bc8 20.h4 gxf4 21.Rxf4 Qe7 22.g5 hxg5
23.hxg5 Rd5 24.Rf6 Bd7 25.Bc4 Ra5 26.Rdf1 Be8 27.Kb1 Rh8 28.d5 cxd5 29.Qe5 Kg8
30.g6 dxc4 31.gxf7+ Bxf7 32.Qg3+ Kf8 33.Qb8+ Kg7 34.Rxf7+ Qxf7 35.Rxf7+ Kxf7
36.Qxh8  1-0

[Event "Hoogovens Blitz"]
[Site "Wijk aan Zee"]
[Date "1998.01.19"]
[Round "8"]
[White "Timman, Jan H"]
[Black "Salov, Valery"]
[Result "1/2-1/2"]
[WhiteElo "2635"]
[BlackElo "2680"]

1.e4 e5 2.Nf3 Nc6 3.Bb5 Nf6 4.O-O Bc5 5.d3 d6 6.Be3 Bb6 7.Nbd2 Ng4 8.Bxb6 axb6
9.d4 O-O 10.h3 Nf6 11.Bxc6 bxc6 12.dxe5 dxe5 13.Nxe5 Re8 14.Ndf3 Qxd1 15.Rfxd1 c5
16.a3 Nxe4 17.Nc4 Be6 18.Ne3 f5 19.Nd5 Bxd5 20.Rxd5 Nd6 21.Kf1 Kf7 22.b3 Kf6
23.a4 Re7 24.Re1 Rxe1+ 25.Kxe1 Re8+ 26.Kf1 Ne4 27.Nd2 Nxd2+ 28.Rxd2 Re7 29.f3  1/2-1/2

[Event "Hoogovens Blitz"]
[Site "Wijk aan Zee"]
[Date "1998.01.19"]
[Round "10"]
[White "Adams, Michael"]
[Black "Salov, Valery"]
[Result "1/2-1/2"]
[WhiteElo "2670"]
[BlackElo "2680"]

1.d4 f5 2.Bg5 g6 3.h4 h6 4.Bf4 d6 5.e3 Bg7 6.c3 Nf6 7.Bc4 e6 8.Nd2 Qe7 9.Ne2 Nbd7
10.Qc2 Nb6 11.Bb3 Bd7 12.c4 a5 13.c5 Nbd5 14.cxd6 cxd6 15.Bxd5 Nxd5 16.Nc4 e5
17.Bg3 b5 18.Nd2 O-O 19.dxe5 dxe5 20.Rd1 Be6 21.Nf3 Nb4 22.Qc1 Rac8 23.Nc3 Nxa2
24.Qa1 Nxc3 25.bxc3 Bc4 26.Nd2 f4 27.Nxc4 fxg3 28.Nd6 gxf2+ 29.Ke2 Rcd8 30.Qa2+ Kh7
31.Ne4 Rxd1 32.Rxd1 Qxh4 33.Qc2 b4 34.cxb4 axb4 35.Nd2 Qh5+ 36.Nf3 b3 37.Qe4 Qf5
38.Qxf5 gxf5 39.Rb1 b2 40.Rxb2 e4 41.Nd4 Bxd4 42.exd4 Rd8 43.Kxf2 Rxd4 44.Ke3 Rd1
45.Rb6 Rf1 46.Ra6 h5 47.Rb6 h4 48.Ke2 Rf4 49.Ke3 Rg4 50.Kf2 Kg7 51.Re6 Kf7
52.Ra6 Rg6 53.Ra5 Kf6 54.Rb5 Rg3 55.Rb8 Ra3 56.Rg8 h3 57.gxh3 Rxh3 58.Re8 Kg5
59.Ke2 Kf4 60.Kf1 Kf3 61.Kg1 e3 62.Re5 f4 63.Re7 Rh7 64.Rxh7 Ke2 65.Rf7 f3
66.Rf6 Kd2 67.Rxf3 e2 68.Rf2 Kd1 69.Rxe2 Kxe2  1/2-1/2

[Event "Hoogovens Blitz"]
[Site "Wijk aan Zee"]
[Date "1998.01.19"]
[Round "11"]
[White "Salov, Valery"]
[Black "Van Wely, Loek"]
[Result "1/2-1/2"]
[WhiteElo "2680"]
[BlackElo "2605"]

1.d4 Nf6 2.Nf3 d5 3.c4 e6 4.g3 dxc4 5.Bg2 c5 6.O-O Nc6 7.Ne5 Bd7 8.Na3 cxd4
9.Naxc4 Be7 10.Qb3 Qc8 11.Bf4 O-O 12.Rac1 Nd5 13.Nxc6 Bxc6 14.Be5 Bf6 15.Rfd1 Bg5
16.f4 Be7 17.Bxd4 Qe8 18.Rf1 Bb5 19.e4 Nb6 20.Nxb6 axb6 21.Rfe1 Ra6 22.e5 Qd7
23.Bf2 Ba4 24.Qc3 Rd8 25.b3 Bc6 26.Bxc6 bxc6 27.Qxc6 Qxc6 28.Rxc6 Rxa2 29.Bxb6 Rb8
30.Rec1 h5 31.Rc8+ Rxc8 32.Rxc8+ Kh7 33.Rc7 Bd8 34.Rb7 Bxb6+ 35.Rxb6 Rb2
36.Rb7 Kg6 37.b4 f6 38.b5 fxe5 39.fxe5 Kf5 40.Rxg7 Rxb5 41.Rf7+ Kxe5 42.Rh7 Kf6  1/2-1/2

[Event "Hoogovens"]
[Site "Wijk aan Zee"]
[Date "1998.01.20"]
[Round "4"]
[White "Topalov, Veselin"]
[Black "Salov, Valery"]
[Result "1-0"]
[WhiteElo "2740"]
[BlackElo "2680"]

1.e4 c5 2.Nf3 d6 3.d4 cxd4 4.Nxd4 Nf6 5.Nc3 a6 6.Bg5 e6 7.f4 Bd7 8.f5 Be7
9.fxe6 fxe6 10.Bc4 Qc8 11.Bb3 Nc6 12.Nxc6 Qxc6 13.Qd3 Qc5 14.Be3 Qh5 15.Bf4 Rd8
16.O-O O-O 17.h3 Kh8 18.Rad1 Bc8 19.Qg3 Qc5+ 20.Be3 Qc6 21.e5 dxe5 22.Qxe5 Bd6
23.Rxd6 Rxd6 24.Ne4 Rd5 25.Bxd5 Qxd5 26.Bd4 Qxe5 27.Bxe5 Bd7 28.Bxf6 gxf6
29.Rxf6 Rxf6 30.Nxf6 Bc6 31.Kf2 Kg7 32.Ng4 Be4 33.c3 h5 34.Ne5 Kf6 35.Nd7+ Kf5
36.b4 Bc6 37.Nc5 Ke5 38.g3 Kd5 39.Ke3 Kc4 40.Ne4 e5 41.g4 h4 42.g5 Bd7 43.g6 Bxh3
44.Ng5 Bg2 45.Nf3 Bh3 46.Kd2 Be6 47.Nxh4 Kb5 48.Nf3 Bxa2 49.Nxe5 Be6 50.Kc2 a5
51.bxa5 Kxa5 52.g7 Kb5 53.Kd3 Ka5 54.Kd4 b6 55.Nc6+ Ka4 56.Ne7 b5 57.g8=Q  1-0

[Event "Hoogovens"]
[Site "Wijk aan Zee"]
[Date "1998.01.22"]
[Round "6"]
[White "Van der Sterren, Paul"]
[Black "Salov, Valery"]
[Result "1-0"]
[WhiteElo "2550"]
[BlackElo "2680"]

1.d4 Nf6 2.c4 e6 3.Nf3 b6 4.g3 Bb7 5.Bg2 Be7 6.Nc3 Ne4 7.Bd2 f5 8.d5 O-O
9.Qc2 Nd6 10.b3 Bf6 11.Rd1 Qe7 12.O-O Na6 13.Ne1 c6 14.dxe6 dxe6 15.e4 Nb4
16.Qb1 c5 17.Bf4 Nf7 18.Nb5 e5 19.Bc1 Rad8 20.Rxd8 Rxd8 21.a3 Nc6 22.exf5 Nd4
23.Nxd4 exd4 24.Bxb7 Qxb7 25.Bf4 Bg5 26.Qc1 h6 27.h4 Bf6 28.Qc2 Be5 29.Nd3 Bxf4
30.Nxf4 Ne5 31.Nd5 d3 32.Qd1 b5 33.Re1 Rxd5 34.cxd5 Qxd5 35.Rxe5 Qxe5 36.Qxd3 a6
37.h5 Qc7 38.Qd5+ Kf8 39.Qa8+ Ke7 40.Qxa6 c4 41.Qe6+ Kf8 42.bxc4 bxc4 43.f6 c3
44.fxg7+ Qxg7 45.Qc8+ Kf7 46.Qc4+ Kf8 47.Qc5+ Ke8 48.Kf1 Qf6 49.Ke2  1-0

[Event "Hoogovens"]
[Site "Wijk aan Zee"]
[Date "1998.01.24"]
[Round "7"]
[White "Salov, Valery"]
[Black "Karpov, Anatoly"]
[Result "1-0"]
[WhiteElo "2680"]
[BlackElo "2735"]

1.d4 Nf6 2.c4 e6 3.Nf3 b6 4.g3 Ba6 5.Nbd2 Bb7 6.Bg2 c5 7.e4 cxd4 8.O-O d6
9.Nxd4 a6 10.Re1 Qc7 11.a4 Nc6 12.Nxc6 Bxc6 13.a5 Rb8 14.axb6 Qxb6 15.Re3 Nd7
16.Rb3 Qa7 17.Rba3 Bb7 18.b4 Qb6 19.Qa4 Be7 20.Bb2 Bf6 21.e5 Bxe5 22.c5 Qc7
23.Bxe5 dxe5 24.Bxb7 Rxb7 25.c6 Nb6 26.Qxa6 Qxc6 27.Nc4 Rb8 28.Nxb6 O-O 29.Nc4 Qe4
30.Re3 Qd5 31.Nxe5 Rfc8 32.Qd3  1-0

[Event "Hoogovens"]
[Site "Wijk aan Zee"]
[Date "1998.01.25"]
[Round "8"]
[White "Kramnik, Vladimir"]
[Black "Salov, Valery"]
[Result "1/2-1/2"]
[WhiteElo "2790"]
[BlackElo "2680"]

1.Nf3 c5 2.c4 Nc6 3.d4 cxd4 4.Nxd4 e6 5.Nc3 Nf6 6.g3 Qb6 7.Nb3 Ne5 8.e4 Bb4
9.Qe2 d6 10.f4 Nc6 11.Be3 Bxc3+ 12.bxc3 Qc7 13.Bg2 O-O 14.c5 dxc5 15.Bxc5 Rd8
16.e5 Na5 17.Bb4 Nxb3 18.axb3 Nd5 19.Qc4 Qd7 20.Qd4 Nxb4 21.Qxd7 Bxd7 22.cxb4 Bb5
23.Bxb7 Rab8 24.Ba6  1/2-1/2

[Event "Hoogovens"]
[Site "Wijk aan Zee"]
[Date "1998.01.26"]
[Round "9"]
[White "Salov, Valery"]
[Black "Nijboer, Friso"]
[Result "1/2-1/2"]
[WhiteElo "2680"]
[BlackElo "2580"]

1.e4 c5 2.Ne2 e6 3.d4 cxd4 4.Nxd4 a6 5.Nc3 b5 6.Bd3 Qb6 7.Nb3 Qc7 8.Bg5 Bb7
9.Qe2 Nc6 10.Bh4 Nf6 11.Bg3 d6 12.O-O Be7 13.a4 b4 14.Nb1 O-O 15.a5 g6 16.Bf4 Rfe8
17.N1d2 Nh5 18.Bh6 Bf6 19.g4  1/2-1/2

[Event "Hoogovens"]
[Site "Wijk aan Zee"]
[Date "1998.02.01"]
[Round "13"]
[White "Salov, Valery"]
[Black "Timman, Jan H"]
[Result "0-1"]
[WhiteElo "2680"]
[BlackElo "2635"]

1.c4 Nf6 2.Nc3 c5 3.g3 Nc6 4.Bg2 g6 5.e3 d6 6.d4 Bg4 7.Nge2 Bg7 8.d5 Na5
9.O-O O-O 10.h3 Bd7 11.b3 a6 12.Rb1 b5 13.cxb5 axb5 14.b4 cxb4 15.Rxb4 Qc8
16.Kh2 Qc5 17.a3 Rfc8 18.e4 Nc4 19.Qb3 Rab8 20.Nd1 Ne8 21.Ne3 Nc7 22.Qd1 Na6
23.Rb3 Ra8 24.Nf4 Qc7 25.Rb1 Nc5 26.Rb4 Nxa3 27.Bb2 Bxb2 28.Rxb2 Ra4 29.Ng4 Nxe4
30.Nh6+ Kg7 31.Nxf7 Kxf7 32.Bxe4 Rxe4 33.Qf3 Qc3 34.Nd3+ Bf5 35.g4 Rxg4 36.Rb3 Qxb3
37.Ne5+ dxe5 38.Qxb3 Rh4 39.d6+ Nc4  0-1

[Event "Presidents Cup"]
[Site "Elista"]
[Date "1998.05.11"]
[Round "2.2"]
[White "Giorgadze, Giorgi"]
[Black "Salov, Valery"]
[Result "0-1"]
[WhiteElo "2605"]
[BlackElo "2680"]

1.d4 Nf6 2.c4 e6 3.Nc3 Bb4 4.e3 O-O 5.Ne2 d5 6.a3 Be7 7.cxd5 Nxd5 8.Qc2 Nd7
9.e4 Nxc3 10.Nxc3 c5 11.d5 Nb6 12.dxe6 Bxe6 13.Be2 Bf6 14.O-O a6 15.f4 Bd4+
16.Kh1 f6 17.Rd1 Rc8 18.Bf3 Qd7 19.Rb1 Rfd8 20.b3 Bg4 21.Qe2 Bxf3 22.Qxf3 Qc6
23.Ne2 f5 24.e5 Qxf3 25.gxf3 Nd5 26.Rd3 Nc7 27.Bd2 Bxe5 28.Rxd8+ Rxd8 29.Ba5 Bd6
30.Rc1 Rd7 31.Rd1 Ne6 32.b4 Kf7 33.bxc5 Nxc5 34.Bb4 Be7  0-1

[Event "Villarrobledo op"]
[Site "Villarrobledo"]
[Date "1998.08.22"]
[Round "2"]
[White "Salov, Valery"]
[Black "Torres, Jose Arturo"]
[Result "1-0"]
[WhiteElo "2670"]
[BlackElo "2215"]

1.d4 d5 2.c4 e6 3.Nc3 Nf6 4.cxd5 exd5 5.Bg5 Be7 6.e3 c6 7.Bd3 Nbd7 8.Qc2 O-O
9.Nge2 Re8 10.O-O Ne4 11.Bf4 Ndf6 12.Nxe4 dxe4 13.Bxe4 Be6 14.Bd3 Bd6 15.a3 Bd5
16.Rac1 a5 17.Rfe1 Bxf4 18.Nxf4 Be4 19.Red1 a4 20.Bxe4 Rxe4 21.d5 cxd5 22.Nxd5  1-0

[Event "Villarrobledo op"]
[Site "Villarrobledo"]
[Date "1998.08.22"]
[Round "3"]
[White "Moreno, J."]
[Black "Salov, Valery"]
[Result "1/2-1/2"]
[WhiteElo "2430"]
[BlackElo "2670"]

1.e4 c5 2.Nf3 e6 3.d4 cxd4 4.Nxd4 Nf6 5.Nc3 d6 6.g4 h6 7.h3 a6 8.Bg2 g5 9.b3 Nbd7
10.Bb2 Ne5 11.Qd2 Bd7 12.O-O-O Qc7 13.f4 gxf4 14.Nde2 f3 15.Bxf3 O-O-O 16.Rhf1 Be7
17.Kb1 Kb8 18.Bh1 Bc6 19.Nd4 Be8 20.Nce2 Nfd7 21.Nf4 Bg5 22.Qf2 Nc5 23.Nh5 Rg8
24.Qe2 Rg6 25.Nf3 Nxf3 26.Rxf3 Bb5 27.Qe1 Bc6 28.Rf1 Be8 29.Nf6 Bb5 30.c4 Bc6
31.h4 Bxf6 32.Bxf6 Rd7 33.g5 hxg5 34.hxg5 e5 35.Bg2 Rg8 36.Qe3 Ne6 37.Bh3 Re8
38.Bf5 Nd4 39.Rxd4 exd4 40.Qxd4 Rde7 41.Bxe7 Qxe7 42.Rd1 Kc7 43.Kb2 Qe5 44.Kc3 Qa5+
45.Kb2 Qe5 46.Qxe5 Rxe5 47.Rf1 Kb6 48.Rf4 a5 49.Kc3 Kc5 50.a3 b5 51.b4+ axb4+
52.axb4+ Kb6 53.Kd4 bxc4 54.Kxc4 Bb7 55.Rh4 Bc6 56.Kd4 Rb5 57.Kc3 Re5 58.Rh6 Bxe4
59.Bxe4 Rxe4 60.Rxd6+ Kb5 61.Rd5+ Kb6 62.Rf5 Rg4 63.Kb3 Kc6 64.Ka4 Rg3 65.b5+ Kb6
66.Rf6+ Kc5 67.Rc6+ Kd5 68.Rc2 Rxg5 69.b6 Rg1 70.Rb2 Rg8 71.b7 Rb8 72.Ka5 f5
73.Rb4 f4  1/2-1/2

[Event "Chess Masters 3rd"]
[Site "Enghien-les-Bains"]
[Date "1999.03.03"]
[Round "1"]
[White "Tkachiev, Vladislav"]
[Black "Salov, Valery"]
[Result "1/2-1/2"]
[WhiteElo "2634"]
[BlackElo "2670"]

1.d4 Nf6 2.c4 e6 3.Nf3 b6 4.a3 Ba6 5.Qc2 Bb7 6.Nc3 c5 7.e4 cxd4 8.Nxd4 Bc5
9.Nb3 Nc6 10.Bg5 h6 11.Bh4 Nd4 12.Nxd4 Bxd4 13.O-O-O Be5 14.Bd3 Qb8 15.Bg3 O-O
16.Qd2 d6 17.Bxe5 dxe5 18.f3 Ba6 19.Be2 Rc8 20.b3 Qc7 21.Qd6 Ne8 22.Qxc7 Rxc7
23.Kb2 Kf8 24.a4 Ke7 25.Rd2 Bc8 26.a5 bxa5 27.Ra1 Rc5 28.Na4 Rc7 29.Nc3 Rc5
30.Na4 Rc7 31.Nc3  1/2-1/2

[Event "Chess Masters 3rd"]
[Site "Enghien-les-Bains"]
[Date "1999.03.05"]
[Round "3"]
[White "Bologan, Viktor"]
[Black "Salov, Valery"]
[Result "1-0"]
[WhiteElo "2608"]
[BlackElo "2670"]

1.e4 c6 2.d4 d5 3.exd5 cxd5 4.c4 e6 5.Nf3 Nf6 6.Nc3 Be7 7.cxd5 Nxd5 8.Bd3 Nc6
9.O-O O-O 10.Re1 Bf6 11.Be4 Nce7 12.Qd3 Ng6 13.Qb5 Nge7 14.Ne5 Qd6 15.Bd2 g6
16.Bh6 Bg7 17.Bxg7 Kxg7 18.Rac1 Rd8 19.Qb3 Qb6 20.Qa3 Qb4 21.Qxb4 Nxb4 22.a3 Nbc6
23.Nxc6 bxc6 24.Red1 Bd7 25.Na4 Be8 26.Nc5 a5 27.f4 Rab8 28.Rd2 Nd5 29.g3 h6
30.h4 Rb6 31.Kf2 Kf6 32.Bf3 h5 33.Be2 Rbb8 34.Ne4+ Ke7 35.Rc4 Ra8 36.Rc5 Rdb8
37.Rc1 Rb6 38.Nc5 Rab8 39.Na4 R6b7 40.Rcc2 Ra7 41.Nc5 Rd8 42.Bf3 Nc7 43.Ke3 Nb5
44.Rd3 Nd6 45.Be4 Rb8 46.Rdc3 Nb5 47.Rb3 Raa8 48.a4 Nd6 49.Rcc3 Kd8 50.Bd3 Bd7
51.Kd2 Rxb3 52.Rxb3 Bc8 53.Kc3 Kc7 54.Ra3 Rb8 55.Ra1 Rb4 56.Re1 Rb8 57.Re5 Rb4
58.b3 Rb8 59.Ne4 Nxe4+ 60.Bxe4 Ra8 61.Rc5 Bd7 62.Bd3 Kd6 63.Bc4 Kc7 64.Re5 Kd6
65.Bd3 Kc7 66.Rc5 Kd6 67.b4 axb4+ 68.Kxb4 Rb8+ 69.Kc3 Ra8 70.a5 Kc7 71.Be2 Rb8
72.Rc4 Rb1 73.Ra4 Rg1 74.a6 Bc8 75.a7 Bb7 76.a8=Q Bxa8 77.Rxa8 Rxg3+ 78.Kc4 Kd7
79.Kc5 Rh3 80.Ra7+ Ke8 81.f5 Rxh4 82.fxg6 fxg6 83.Bf3 Kf8 84.Bxc6 Rf4 85.Ra1 Kf7
86.Re1 Rf5+ 87.Kd6 Rf4 88.Be4 Kf6 89.Kc5 h4 90.Bc6 h3 91.Bd7 h2 92.Rxe6+ Kg5
93.Re1 Rf2 94.Bc6 Kf4 95.d5 Rc2+ 96.Kb6 Rd2 97.Kc7 g5 98.d6 g4 99.d7 Kg3
100.d8=Q Rxd8 101.Kxd8 Kf2 102.Rh1 g3 103.Ke7  1-0

[Event "Chess Masters 3rd"]
[Site "Enghien-les-Bains"]
[Date "1999.03.07"]
[Round "5"]
[White "Bacrot, Etienne"]
[Black "Salov, Valery"]
[Result "1/2-1/2"]
[WhiteElo "2561"]
[BlackElo "2670"]

1.d4 e6 2.c4 Bb4+ 3.Bd2 a5 4.Nc3 Nf6 5.e4 d6 6.a3 Bxc3 7.Bxc3 Nxe4 8.Qg4 Nxc3
9.Qxg7 Ke7 10.bxc3 Qg8 11.Qh6 Nd7 12.g3 b6 13.Bg2 Rb8 14.Nf3 Ba6 15.Nd2 Qg6
16.Qe3 h5 17.h3 Rbg8 18.O-O Qg5 19.Qe2 h4 20.g4 Qf4 21.Rfe1 Nf8 22.Nf1 Ng6
23.Ne3 Kf8 24.Rad1 Kg7 25.Bc6 d5 26.Bb5 Bb7 27.cxd5 Bxd5 28.Nxd5 exd5 29.Qb2 Rd8
30.Re3 Rd6 31.Bd3 Rhd8 32.Rde1 Rf6 33.Bxg6 fxg6 34.Re7+ Rf7 35.Rxf7+ Qxf7
36.Re5 Qf3 37.Re7+ Kf8 38.Re3 Qf7 39.Kg2 Rd6 40.Qe2 Rf6 41.Re5 Rf4 42.Qe3 Kg7
43.f3 Kf8 44.Qf2 Kg7 45.Qe2 Kf8 46.Qe3 c6 47.Qf2 Qf6 48.Qe2 Qf7 49.Qe3 a4
50.Qf2 Qf6 51.Qe2 Kf7 52.Qd3 b5 53.Re2 Kg7 54.Qe3 Qd6 55.Qf2 Qxa3 56.Qxh4 Qxc3
57.Qe7+ Rf7 58.Qe5+ Kh7 59.f4 Qd3 60.h4 Rxf4 61.Qc7+ Kg8 62.Re8+ Rf8 63.Rxf8+ Kxf8
64.Qd6+ Kf7 65.Qd7+ Kf8 66.Qd6+ Kf7 67.Qd7+  1/2-1/2

[Event "Chess Masters 3rd"]
[Site "Enghien-les-Bains"]
[Date "1999.03.11"]
[Round "8"]
[White "Beliavsky, Alexander G"]
[Black "Salov, Valery"]
[Result "1/2-1/2"]
[WhiteElo "2650"]
[BlackElo "2670"]

1.c4 e5 2.Nc3 Nc6 3.g3 g6 4.Bg2 Bg7 5.Rb1 a5 6.a3 f5 7.d3 Nf6 8.e3 Ne7 9.Nge2 c6
10.f4 d6 11.b4 axb4 12.axb4 O-O 13.O-O Be6 14.b5 Qc7 15.Qb3 Nd7 16.Rd1 Rfe8
17.Rd2 Bf7 18.Qd1 exf4 19.gxf4 d5 20.bxc6 bxc6 21.cxd5 Nxd5 22.Nxd5 cxd5
23.Rc2 Qa7 24.d4 Nf6 25.Nc3 Rac8 26.Bd2 Qd7 27.Rcc1 Rb8 28.Rxb8 Rxb8 29.Rb1 Rxb1
30.Qxb1 h6 31.Qb5 Qe6 32.Na4 Be8 33.Qb6 Qe7 34.Nc5 Bf7 35.Qb7 Qe8 36.Nd3 Ne4
37.Qb4 Bf8 38.Qa5 Qb8 39.Bb4 Bxb4 40.Qxb4 Qxb4 41.Nxb4 g5 42.Bxe4 fxe4 43.Kf2 Kg7
44.Kg3 Kf6 45.h4 Kf5 46.fxg5 hxg5 47.Nc6 Be8 48.Ne5 Bh5 49.Kh3 Be8 50.Ng4 Bh5
51.Nf2 Be2 52.hxg5 Kxg5 53.Kg3 Bf1 54.Ng4 Be2 55.Ne5 Bh5 56.Nc6 Bf7 57.Nb4 Be6
58.Na2 Bf7 59.Nc3 Be6 60.Ne2 Bg8 61.Nf4 Bf7 62.Nh3+ Kh5 63.Kf4 Kh4 64.Nf2 Be6
65.Nd1 Kh3 66.Ke5 Bf7 67.Nc3 Kg3 68.Nxd5 Bxd5 69.Kxd5 Kf3 70.Kc4 Kxe3 71.d5 Kf2
72.d6 e3  1/2-1/2